GDP Per Capita Tour - Statistics

General Stats
  • This quiz has been taken 29 times
  • The average score is 8 of 10
Answer Stats
GDP per capita (Int$) Country % Correct
13,671 Serbia
91%
19,097 Bulgaria
82%
20,787 Romania
82%
26,222 Hungary
77%
14,009 Macedonia
77%
31,549 Czechia
73%
46,893 Germany
73%
29,720 Slovakia
73%
47,250 Austria
68%
58,551 Switzerland
68%
No matching quizzes found
Score Distribution
Percent of People with Each Score
Percentile by Number Answered
Your Score History
You have not taken this quiz